Tìm hiểu hệ mặt trời

Giải đáp những hiện tượng có liên quan đến bầu trời, hệ mặt trời trong đó có trái đất. Những tìm kiếm để liên lạc với các nền văn minh ngoài trái đất và chuẩn bị cho việc đưa con người lên thám hiểm sao hoả và mặt trăng

Saved in:
Bibliographic Details
Main Author: Nguyễn Hữu Danh
Format: Book
Language:Vietnamese
Published: H. Giáo dục 2001
Edition:Tái bản lần thứ 3
Subjects:
Tags: Add Tag
No Tags, Be the first to tag this record!
Institutions: Mạng thư viện Đại học Đà Nẵng
LEADER 01443nam a22003858a 4500
001 000008878
003 5071
005 20111024141033.0
008 111021s2001 b 000 0 vieod
020 |c 19500đ  |d 5000b 
041 0 |a vie 
080 |a 523.2 
082 |a 523.7  |b NG-D 
084 |a C65  |b T310H 
100 1 |a Nguyễn Hữu Danh 
245 1 0 |a Tìm hiểu hệ mặt trời  |c Nguyễn Hữu Danh 
250 |a Tái bản lần thứ 3 
260 |a H.  |b Giáo dục  |c 2001 
300 |a 177tr : ảnh  |c 27cm 
520 |a Giải đáp những hiện tượng có liên quan đến bầu trời, hệ mặt trời trong đó có trái đất. Những tìm kiếm để liên lạc với các nền văn minh ngoài trái đất và chuẩn bị cho việc đưa con người lên thám hiểm sao hoả và mặt trăng 
653 |a Hệ mặt trời 
653 |a Sách thường thức 
653 |a Vũ trụ 
653 |a Trái đất 
910 |a MPHuong  |d 21/10 
OWN |a LSP 
AVA |a UDN50  |b LSP  |d 523.7 NG-D  |e available  |t Error 5001 Not defined in file expand_doc_bib_avail.  |f 8  |g 0  |h N  |i 0  |k 1 
999 |a From the UDN01 
AVA |a UDN50  |b LSP  |d 523.7 NG-D  |e available  |t Error 5001 Not defined in file expand_doc_bib_avail.  |f 8  |g 0  |h N  |i 0  |k 1 
TYP |a Monograph 
TYP |a Printed language 
980 |a Mạng thư viện Đại học Đà Nẵng